00219nam a2200097Ia 4500008004100000100002100041245001300062260002200075942000700097999001700104190216s9999||||xx |||||||||||||| ||und|| aRamakrishnan A N 0aGanangal bKerala Basha Inst cBK c39830d39830